| 000 | 01016cab a2200229 4500 | ||
|---|---|---|---|
| 001 | ##L134299 | ||
| 008 | 060725n2006 000 0 eng u | ||
| 035 | _a(Sirsi) u134299 | ||
| 041 | 0 | _aeng | |
| 100 | 1 | _aHopkins, Phillip | |
| 245 | 0 | 0 | _aRent increase |
| 260 | _c2006 | ||
| 490 | 0 |
_aLetting Update Journal _v14(2) July 2006, 25(1) |
|
| 520 | _aExplains the statutory rules for assured and assured shorthold tenancies under the Housing Act 1988. Discusses rent increases by agreement, rent increases by the Housing Act 1988 s13 procedure, periodic tenancies, Rent Assessment Committees, fixed term tenancies, and the issue of further rent increases. | ||
| 590 | _aIKA010806 | ||
| 650 | 2 | 4 | _aASSURED SHORTHOLD TENANCIES |
| 650 | 2 | 4 | _aHOUSING ACT 1988 S13 |
| 650 | 2 | 4 | _aHOUSING ACT 1988 |
| 651 | 4 |
_aEngland and Wales _y1543- |
|
| 690 | _aPROPERTY-RESIDENTIAL PROPERTY-LEASEHOLD RESIDENTIAL PROPERTY-RESIDENTIAL LANDLORD AND TENANT-RESIDENTIAL TENANCIES-RENT REVIEW (RESIDENTIAL TENANCIES) | ||
| 942 | _n0 | ||
| 999 |
_c77436 _d77436 |
||